El caballero de la armadura oxidada / (Record no. 189219)

MARC details
000 -LEADER
campo de control de longitud fija 00724nam a2200229 i 4500
001 - NÚMERO DE CONTROL
campo de control 189219
003 - IDENTIFICADOR DE NÚMERO DE CONTROL
campo de control SpMaBN
005 - FECHA Y HORA DE LA ÚLTIMA TRANSACCIÓN
campo de control 20240104172622.0
008 - DATOS DE LONGITUD FIJA--INFORMACIÓN GENERAL
campo de control de longitud fija 190426s1998 sp |||| | spa d
020 ## - NÚMERO INTERNACIONAL ESTÁNDAR DEL LIBRO
Número Internacional Estándar del Libro 84-7720-405-5
080 ## - NÚMERO DE LA CLASIFICACIÓN DECIMAL UNIVERSAL
Número de la Clasificación Decimal Universal 821.111(73)-31"19"
100 1# - ENTRADA PRINCIPAL--NOMBRE DE PERSONA
Nombre de persona Fisher, Robert (
Fechas asociadas al nombre 1922-)
9 (RLIN) 166900
245 13 - MENCIÓN DEL TÍTULO
Título El caballero de la armadura oxidada /
Mención de responsabilidad, etc. Robert Fisher.
250 ## - MENCION DE EDICION
Mención de edición 25ª ed.
260 ## - PUBLICACIÓN, DISTRIBUCIÓN, ETC.
Lugar de publicación, distribución, etc. Barcelona :
Nombre del editor, distribuidor, etc. Obelisco,
Fecha de publicación, distribución, etc. 1998.
300 ## - DESCRIPCIÓN FÍSICA
Extensión 93 p. ;
Dimensiones 21 cm.
490 1# - MENCIÓN DE SERIE
Mención de serie Colección nueva consciencia
830 0# - PUNTO DE ACCESO ADICIONAL DE SERIE-TÍTULO UNIFORME
Título uniforme Colección nueva consciencia
9 (RLIN) 225793
852 ## - LOCALIZACIÓN
Ubicación ES-MaACL
Número de control de estantería A-14508
itemnumber 196357
Sublocalización o colección R.152080
Ubicación en estantería Depósito 1
Signatura antigua Olim: N-7508
Donativo/Legado Donación: Editorial
942 ## - ELEMENTOS DE ENTRADA SECUNDARIOS (KOHA)
Fuente del sistema de clasificación o colocación Clasificación decimal universal
Tipo de ítem Koha Libro impreso
Holdings
Estatus retirado Estado de pérdida Fuente del sistema de clasificación o colocación Estado de daño No para préstamo Biblioteca de origen Biblioteca actual Ubicación en estantería Fecha de adquisición Fuente de adquisición Total de préstamos Signatura topográfica completa Código de barras Visto por última vez Precio de reemplazo Tipo de ítem Koha
    Clasificación decimal universal     Biblioteca del Ateneo de Madrid Biblioteca del Ateneo de Madrid Depósito 1 26/04/2019 Donación   A-14508 1200414 23/02/2023 23/02/2023 Libro impreso